Slovakia hockey squad 2022 - Statistics

General Stats
  • This quiz has been taken 14 times
  • The average score is 12 of 25
Answer Stats
Position Answer % Correct
Forward Juraj Slafkovsky
100%
Defence Simon Nemec
92%
Goalkeeper Adam Huska
85%
Goalkeeper Patrik Rybar
85%
Defence Martin Fehervary
77%
Forward Tomas Tatar
77%
Forward Adam Sykora
62%
Forward Kristian Pospisil
62%
Defence Mario Grman
62%
Goalkeeper Matej Tomek
62%
Defence Michal Ivan
62%
Forward Pavol Regenda
62%
Defence Peter Ceresnak
62%
Forward Andrej Kollar
46%
Forward Michal Kristof
46%
Forward Samuel Takac
46%
Forward Robert Lantosi
38%
Forward Mario Lunter
31%
Defence Adam Janosik
23%
Forward Adam Liska
23%
Forward Milos Roman
15%
Defence Mislav Rosandic
15%
Forward Alex Tamasi
8%
Defence Daniel Gachulinec
8%
Forward Jakub Minarik
0%
No matching quizzes found
Score Distribution
Percent of People with Each Score
Percentile by Number Answered
Your Score History
You have not taken this quiz